000
00261nam a2200097Ia 4500
082
_a
EJF KEAT
245
0
_a
A piece of jasper
100
_a
KEATS, Felicity Malvern, South Africa, 1998
_9
54671
942
_c
BK
008
210817s9999 xx 000 0 und d
999
_c
172681
_d
172681